[Event "37th Chess Olympiad 2006 Women"]
[Site "Turin, Italia"]
[Date "2006.05.23"]
[Round "3"]
[Board "3"]
[White "Smith, Hazel"]
[Black "Piarnpuu, Leili"]
[Result "1-0"]
[WhiteElo "2035"]
[BlackElo "2172"]
[PlyCount "105"]
[EventDate "2006.05.21"]
[EventType "team"]
[EventRounds "13"]
[EventCountry "AUT"]
[WhiteTeam "Canada"]
[BlackTeam "Estonia"]

1.e4 c5 2.Nf3 Nc6 3.d4 cxd4 4.Nxd4 Nf6 5.Nc3 d6 6.Be2 e5 7.Nf3 h6 8.O-O Be7 9.h3
O-O 10.Re1 Be6 11.Bf1 Nb8 12.b3 a6 13.a4 Nbd7 14.Ba3 Rc8 15.Qd2 Qc7 16.Re3 Rfd8
17.Rd1 Nf8 18.Qe1 Ng6 19.g3 Qd7 20.Kh2 Qc7 21.Bg2 Qb8 22.Qe2 Qc7 23.Red3 Qa5
24.b4 Qc7 25.Nd2 Qb6 26.Rb1 h5 27.Rb2 h4 28.Nd5 hxg3+ 29.fxg3 Nxd5 30.exd5 Bd7
31.a5 Qc7 32.c4 f5 33.Qh5 Kf7 34.Rf3 Rh8 35.Rxf5+ Bf6 36.Qf3 Bxf5 37.Qxf5 Nf8
38.Ne4 Kg8 39.b5 Be7 40.Bxd6 Bxd6 41.Nxd6 Rd8 42.Nxb7 Qxb7 43.d6 g6 44.Qxe5 Qg7
45.Qd5+ Kh7 46.Rf2 Rd7 47.c5 Qg8 48.Qe5 Qg7 49.Qe8 Kh6 50.Qe3+ Kh7 51.Bc6 Rf7
52.Re2 axb5 53.Be8 1-0

[Event "37th Chess Olympiad 2006 Women"]
[Site "Turin, Italia"]
[Date "2006.05.25"]
[Round "5"]
[Board "3"]
[White "Piarnpuu, Leili"]
[Black "Bogza, Adina Maria"]
[Result "1/2-1/2"]
[WhiteElo "2172"]
[BlackElo "2297"]
[PlyCount "94"]
[EventDate "2006.05.21"]
[EventType "team"]
[EventRounds "13"]
[EventCountry "AUT"]
[WhiteTeam "Estonia"]
[BlackTeam "Romania"]

1.Nf3 g6 2.c4 d6 3.d4 f5 4.g3 Bg7 5.Bg2 Nf6 6.Nc3 O-O 7.O-O Qe8 8.d5 c5 9.Qd3
Na6 10.a3 Nc7 11.b4 Ne4 12.Bd2 Nxd2 13.Nxd2 b6 14.bxc5 bxc5 15.e3 Bd7 16.Rab1
Rb8 17.Rxb8 Qxb8 18.Rb1 Qc8 19.Nb5 a6 20.Na7 Qa8 21.Nc6 e5 22.Rb6 e4 23.Qb3 Qe8
24.Rb8 Qf7 25.Rb7 Bxc6 26.dxc6 Rc8 27.f3 Qe8 28.fxe4 Qxc6 29.exf5 Qe8 30.fxg6
hxg6 31.Ne4 Qe5 32.Qd3 Ne8 33.Nd2 Nf6 34.Nf3 Qa1+ 35.Rb1 Qa2 36.Ng5 Re8 37.Rf1
Re5 38.Rxf6 Rxg5 39.Rxd6 Rf5 40.Qd2 Qa1+ 41.Qd1 Qxa3 42.Rd3 Qb2 43.Bd5+ Kh7
44.Qd2 Qa1+ 45.Qd1 Qb2 46.Qd2 Qa1+ 47.Qd1 Qb2 1/2-1/2

[Event "37th Chess Olympiad 2006 Women"]
[Site "Turin, Italia"]
[Date "2006.05.27"]
[Round "6"]
[Board "3"]
[White "Zepeda Cortez, Sonia Guadalupe"]
[Black "Piarnpuu, Leili"]
[Result "0-1"]
[WhiteElo "2036"]
[BlackElo "2172"]
[PlyCount "112"]
[EventDate "2006.05.21"]
[EventType "team"]
[EventRounds "13"]
[EventCountry "AUT"]
[WhiteTeam "El Salvador"]
[BlackTeam "Estonia"]

1.e4 e5 2.Nf3 Nc6 3.Bc4 Bc5 4.c3 Nf6 5.d3 a6 6.Nbd2 O-O 7.Qe2 d6 8.Bb3 Ba7 9.h3
Be6 10.Bc2 h6 11.g4 Nh7 12.Nf1 d5 13.Ng3 dxe4 14.dxe4 b5 15.b3 b4 16.Bb2 bxc3
17.Bxc3 Nd4 18.Bxd4 Bxd4 19.Rd1 c5 20.O-O Qb6 21.Bd3 a5 22.Nf5 a4 23.Bc4 axb3
24.axb3 Bxc4 25.bxc4 Rfe8 26.Kg2 Nf8 27.Ne1 Ra3 28.Nd3 Ne6 29.Kh2 Qa6 30.Rc1 Qa4
31.Rfd1 f6 32.Nd6 Rd8 33.Nb5 Ra2 34.Qf3 Ra8 35.Qf5 Nf4 36.Nxd4 cxd4 37.c5 Rc2
38.Nxf4 Rxf2+ 39.Kg1 Rxf4 40.Qe6+ Kh7 41.Rd3 Qb5 42.Qb3 Qc6 43.Qd5 Rc8 44.Rb3
Rxe4 45.Qxc6 Rxc6 46.Rb6 Rc7 47.c6 d3 48.Rd1 Rc4 49.Rxd3 R4xc6 50.Rbb3 Rc2
51.Ra3 Rb2 52.Rdc3 Re7 53.Re3 Kg6 54.Rac3 Ra7 55.Ra3 Rxa3 56.Rxa3 h5 0-1

[Event "37th Chess Olympiad 2006 Women"]
[Site "Turin, Italia"]
[Date "2006.05.28"]
[Round "7"]
[Board "3"]
[White "Piarnpuu, Leili"]
[Black "Gara, Anita"]
[Result "0-1"]
[WhiteElo "2172"]
[BlackElo "2367"]
[PlyCount "0"]
[EventDate "2006.05.21"]
[EventType "team"]
[EventRounds "13"]
[EventCountry "AUT"]
[WhiteTeam "Estonia"]
[BlackTeam "Hungary"]

1.Nf3 d5 2.d4 Nc6 3.c4 Bg4 4.Nc3 e6 5.cxd5 exd5 6.Bf4 Bxf3 7.gxf3 Bd6 8.Bg3 Nge7
9.e3 O-O 10.Bd3 f5 11.Bxd6 Qxd6 12.f4 Rae8 13.Be2 Nc8 14.Qd2 Qe6 15.O-O-O Nd6
16.Kb1 Rb8 17.Bf3 Ne7 18.Rhg1 b5 19.Rg5 Nc4 20.Qe2 Qc6 21.b3 Na3+ 22.Kb2 a5
23.Rc1 Qd6 24.Nxd5 Nxd5 25.Bxd5+ Qxd5 26.Kxa3 Qd6+ 27.Rc5 c6 28.Qc2 g6 29.Kb2 a4
30.Rxc6 a3+ 31.Kb1 Qb4 32.Rg1 Rf7 33.Rc1 Kg7 34.Rc7 Rf8 35.Rxf7+ Rxf7 36.Qc3 Qe7
37.d5+ Kh6 38.Qd2 Qe4+ 39.Ka1 Rd7 40.Rd1 Rc7 41.f3 Qxf3 42.d6 Rd7 43.Qe1 Qg2
44.Rd2 Qc6 45.Qd1 Qc3+ 46.Kb1 Rxd6 47.Qg1 Kg7 48.Rc2 Qd3 49.Kc1 Rd7 50.Qe1 Kf7
51.Rc3 Qe4 52.Rc5 Qg2 53.Rc2 Qf3 54.Rc5 Re7 55.Rc3 Qxf4 56.Qd2 Qe5 57.b4 Qe6
58.Rxa3 Rd7 59.Rd3 Qc4+ 60.Rc3 Qf1+ 61.Kc2 Rxd2+ 62.Kxd2 Qf2+ 0-1

[Event "37th Chess Olympiad 2006 Women"]
[Site "Turin, Italia"]
[Date "2006.05.30"]
[Round "9"]
[Board "3"]
[White "Berzina, Ilze"]
[Black "Piarnpuu, Leili"]
[Result "1/2-1/2"]
[WhiteElo "2278"]
[BlackElo "2172"]
[PlyCount "0"]
[EventDate "2006.05.21"]
[EventType "team"]
[EventRounds "13"]
[EventCountry "AUT"]
[WhiteTeam "Latvia"]
[BlackTeam "Estonia"]

1.e4 e5 2.Nf3 Nc6 3.Bb5 a6 4.Ba4 Nf6 5.O-O Be7 6.Re1 b5 7.Bb3 O-O 8.h3 Bb7 9.d3
d6 10.a4 Na5 11.Ba2 c5 12.Bg5 b4 13.Nbd2 Rb8 14.c3 Nc6 15.Nc4 h6 16.Bd2 Na5
17.Nxa5 Qxa5 18.Nh4 Bc8 19.f4 Kh7 20.Nf5 Qc7 21.cxb4 cxb4 22.Rc1 Qd8 23.Nxe7
Qxe7 24.f5 Bd7 25.Bb3 a5 26.Be3 Rfc8 27.Rxc8 Bxc8 28.g4 d5 29.g5 hxg5 30.Bxg5
dxe4 31.dxe4 Bb7 32.Bd5 Bxd5 33.exd5 Qc5+ 34.Kg2 Qd6 35.Bxf6 Qxf6 36.Qh5+ Kg8
37.Re4 Rd8 38.Rh4 Kf8 39.Rc4 Rxd5 40.Rc8+ Ke7 41.Rc7+ Rd7 42.Rc2 g6 1/2-1/2

[Event "37th Chess Olympiad 2006 Women"]
[Site "Turin, Italia"]
[Date "2006.05.31"]
[Round "10"]
[Board "3"]
[White "Piarnpuu, Leili"]
[Black "Ghaderpour Taleghani, Shayesteh"]
[Result "1-0"]
[WhiteElo "2172"]
[BlackElo "2144"]
[PlyCount "0"]
[EventDate "2006.05.21"]
[EventType "team"]
[EventRounds "13"]
[EventCountry "AUT"]
[WhiteTeam "Estonia"]
[BlackTeam "Iran"]

1.Nf3 Nf6 2.c4 e6 3.Nc3 c5 4.g3 b6 5.Bg2 Bb7 6.O-O Be7 7.Re1 d6 8.e4 Nbd7 9.d4
cxd4 10.Nxd4 Qb8 11.f4 O-O 12.Be3 Qc8 13.Rc1 a6 14.Bf2 Rd8 15.b3 Qc7 16.Qe2 Rac8
17.h3 Bf8 18.e5 dxe5 19.fxe5 Ne8 20.Nf3 Nc5 21.Red1 Bc6 22.Rd4 Qb7 23.Rcd1 Rxd4
24.Rxd4 Nd7 25.Rd3 b5 26.Bd4 bxc4 27.bxc4 Nc5 28.Rd2 Ne4 29.Nxe4 Bxe4 30.Rb2 Qc6
31.Nd2 Bxg2 32.Qxg2 Qd7 33.Qe4 Bc5 34.Bxc5 Rxc5 35.Nf3 Qc7 36.Qa8 Qc6 37.Rb8 Kf8
38.Qxc6 Rxc6 39.Nd2 Ke7 40.Rb7+ Nc7 41.Kf2 Rc5 42.Kf3 Kd7 43.Ke4 f5+ 44.Kd4 Ra5
45.Rb2 Kc6 46.Nb3 Ra4 47.Kc3 g5 48.Rd2 Ne8 49.Nd4+ Kb7 50.Rb2+ Kc8 51.Nxe6 Ra3+
52.Rb3 Rxa2 53.Nxg5 h6 54.Nf7 Rg2 55.Kd4 Nc7 56.Nxh6 Rh2 57.h4 f4 58.Nf5 Rd2+
59.Ke4 Ne6 60.Kf3 fxg3 61.Kxg3 Nc5 62.Re3 Kd7 63.Ng7 Rd3 64.Kf4 Rd4+ 65.Kg5 Ne6+
66.Nxe6 Kxe6 67.c5 Rc4 68.h5 Rxc5 69.h6 Rc1 70.Rh3 Rg1+ 71.Kf4 Rf1+ 72.Ke4 Re1+
73.Kd4 Rd1+ 74.Kc5 Rc1+ 75.Kb6 Rb1+ 76.Kxa6 Ra1+ 77.Kb7 Rb1+ 78.Kc6 Rc1+ 79.Kb5
Rb1+ 80.Kc4 Rc1+ 81.Kd3 Ra1 82.Ke2 Ra8 83.h7 Rh8 84.Rh5 Kf7 85.Kf3 Kg7 86.Kg4
Kg6 87.e6 Kf6 88.Rh6+ Ke7 89.Kg5 1-0